| 000 | 00575nam a2200193Ia 4500 | ||
|---|---|---|---|
| 005 | 20241216011522.0 | ||
| 008 | 190429s9999||||xx |||||||||||||| ||und|| | ||
| 082 |
_a610.72 _bV65 |
||
| 100 | _aVILCHEZ HURTADOS, MILAGROS MARISOL | ||
| 245 | 0 | _aACTITUDES QUE ADOPTAN LAS ESTUDIANTES DE ENFERMERIA HACIA LOS ESTUDIOS DE INVESTIGACION TARMA 1993 | |
| 250 | _a0 | ||
| 260 |
_aCERRO DE PASCO-PERU _bUNDAC _c1993 |
||
| 300 |
_a57 pag. _c29.5 cm. |
||
| 341 | _h0 | ||
| 490 |
_v0 _a0 |
||
| 505 | _aMATERIALES-METODOS-RESULTADOS | ||
| 541 |
_aD _d18-Sep-98 _oSoles |
||
| 942 | _cTESIS | ||
| 999 |
_c44102 _d44102 |
||